Praktičeskaja mikrofotografija /
Guardado en:
| Formato: | Libro |
|---|---|
| Lenguaje: | ruso |
| Publicado: |
Moskva :
Mir,
1977
|
| Etiquetas: |
Sin Etiquetas, Sea el primero en etiquetar este registro!
|
MARC
| LEADER | 00000nam a22000003a 4500 | ||
|---|---|---|---|
| 001 | stu220279 | ||
| 005 | 20141122105654.9 | ||
| 008 | 110121s1977------------------------rus-d | ||
| 040 | |a STU |b slo | ||
| 041 | 0 | |a rus | |
| 245 | |a Praktičeskaja mikrofotografija / |c Berger a i | ||
| 260 | |a Moskva : |b Mir, |c 1977 | ||
| 996 | |b E39353 |c E*39353 |l EE10 |s P |a 0 |w stu220279_0001 | ||